| 000 | 00389nam a2200133Ia 4500 | ||
|---|---|---|---|
| 005 | 20260326100042.0 | ||
| 008 | 260326s9999||||xx |||||||||||||| ||und|| | ||
| 100 | _aSlesin, Suzanne | ||
| 245 | 4 |
_aThe New York Times Home Book of Modern Design Styles, problems and solutions / _cSuzanne Slesin |
|
| 260 | _bTimes Books | ||
| 300 | _a267 p. | ||
| 650 | _aARQUITECTURA RESIDENCIAL | ||
| 942 | _cBK | ||
| 999 |
_c7058 _d7058 |
||